00201nam a2200085 a 4500008004100000050001600041245004000057260000900097350000900106120416s1987 xx |||||||||||||| || u aTS 1787 Ste00aSteel, wire ropes for mine hoisting c1987 a0.00